| 000 | 00467nam a2200181Ia 4500 | ||
|---|---|---|---|
| 005 | 20250423095657.0 | ||
| 008 | 250422s9999 xx 000 0 und d | ||
| 020 | _a9780525472467 | ||
| 050 | _aPZ 7 .P836 .L68/ | ||
| 100 | _aPorter-Gaylord, Laurel | ||
| 245 | 0 | _aI love my mommy because | |
| 260 | _aNew York | ||
| 260 | _bDutton Children's Books | ||
| 260 | _cc1991 | ||
| 300 | _a20 p | ||
| 650 | _aMother and child--Fiction. Animals--Fiction. | ||
| 942 | _cBK | ||
| 999 |
_c30997 _d30997 |
||